000 01029nam a2200265 a 4500
001 000010697
005 20240307073945.0
008 091009s1988 dr 001 0 spa d
040 _aDO-SdBNP
082 _axxxxx
_bP123m.
100 1 _aPadilla, Josefina
_920425
245 1 0 _aMetodología de la investigación en salud /
_cJosefina Padilla, Ricardo Corporán, Vincent Batista; prólogo Julio A. Ravelo Astacio.
250 _a2a. ed.
260 _aSanto Domingo :
_bUASD,
_c1988.
300 _av. ;
_c11.
490 1 _aPublicaciones de la Universidad Autónoma de Santo Domingo
_v547.
_aSalud y sociedad
_n11.
500 _aLa biblioteca posee el v. 1
504 _aIncluye bibliografía (p. 36 -38)
700 1 _aCorporán, Ricardo
_925897
700 1 _aBatista, Vicent
_925898
700 1 _aRavelo Astacio, Julio A.
_epról.
_925899
710 1 _aUniversidad Autónoma de Santo Domingo
_972951
830 0 _aPublicaciones de la Universidad Autónoma de Santo Dominogo
_v547
_pSalud y sociedad
_n11
_925900
049 _aBNPD
999 _c10452
_d10452